000 02335cam a22006254i 4500
003 PE-LiUPU
005 20250731170452.0
008 150706s2007 sp a rb 000 0 spa d
020 _a9788480045248
035 _a(Sirsi) i9788480045248
040 _aPE-LiUPU
_bspa
_cPE-LiUPU
_dPE-LiUPU
_erda
049 _aPRUA
082 0 4 _a153
_bP8
_221
245 0 0 _aPrácticas de cognición, motivación y emoción /
_ceditor, Raúl Cabestrero Alonso.
264 1 _aMadrid :
_bCentro de Estudios Ramón Areces, S. A.,
_c2007.
300 _a139 páginas :
_bilustraciones ;
_c24 centímetros.
336 _atext
_2rdacontent
337 _aunmediated
_2rdamedia
338 _avolume
_2rdacarrier
490 0 _aPsicología
504 _aIncluye referencias bibliográficas.
505 0 _aRedes neuronales artificiales: computación y algoritmos de aprendizaje -- Control del procesamiento y movimientos oculares -- Razonamiento humano: ¿Somos racionales resolviendo tareas? -- Motivación y análisis de la elección -- Influencia de una tarea de afrontamiento activo sobre la reactividad cardiovascular -- Generación del sentimiento emocional: Importancia de la percepción del latido cardiaco.
526 _aSEG68
526 _aSEG70
526 _aSEG69
526 _aSEG67
526 _aSEG43
526 _aP144
526 _aP143
526 _aP131
526 _aP122
526 _aP120
526 _aP117
526 _aP112
526 _aP110
526 _aP106
526 _aP101
526 _aP80
526 _aP59
526 _aP54
526 _aP35
526 _aP33
526 _aP30
541 _g001-003364;
650 0 4 _aProcesos cognitivos.
650 0 4 _aEmociones y sentimientos.
650 0 4 _aMotivación.
700 1 _aCabestrero Alonso, Raúl,
_eeditor.
910 _agl20110907
942 _2ddc
_cBOOK
949 _a153 P8
_wDEWEY
_c1
_i63616
_lCCODEBUL1
_mBUL
_p38.00
_r0
_sY
_tBOOK
_u2015-7-6
_xSALUD
_PP33
_o.STAFF. Colección Ciencias de la Salud
994 _aC0
_bPEPRU
596 _a1
999 _a153 P8
_wDEWEY
_c52524
_i63616
_d52524
_e2017-11-7
_f2021-11-3
_g5
_lCCODEBUL1
_mBUL
_n3
_p38.00
_q3
_r0
_sY
_tBOOK
_u2015-7-6
_xSALUD
_zP33
_0COMPRA
_o.STAFF. Colección Ciencias de la Salud
980 _81
_gALBERTO SANCHEZ Responsable de Automatización